000 00421nam a22001337a 4500
003 SGT
020 _a8187313013
082 _a181.45
_bP97N
100 _aनागेंद्र, एच. आर.
245 _aप्राणायाम : कला और विज्ञानं
260 _b स्वामी विवेकानंद योग प्रकाशन
_c1997
300 _a221
942 _2ddc
_cBK
999 _c31600
_d31600